000 00284nam a2200109Ia 4500
008 230320s9999||||xx |||||||||||||| ||spa||
082 _a268/G26
100 _aGarcia Carrasco, Joaquin
245 0 _aPolitica Docente Estudio A La Luz Del Vaticano
260 _bCatolica
942 _80
_cLIB
999 _c34085
_d34085